书目信息 |
| 题名: |
应用语言学前沿问题
|
|
| 作者: | 于根元 著 | |
| 分册: | ||
| 出版信息: | 北京 中国经济出版社 2006 |
|
| 页数: | 23,280页 | |
| 开本: | 21cm | |
| 丛书名: | 语言与传播丛书 | |
| 单 册: | ||
| 中图分类: | H08 | |
| 科图分类: | ||
| 主题词: | 应用语言学--研究 , 应用语言学 | |
| 电子资源: | ||
| ISBN: | 7-5017-0963-7 | |
| 000 | 00831oam2 2200253 450 | |
| 001 | 010700016699 | |
| 005 | 20070116143227.18 | |
| 010 | @a7-5017-0963-7@dCNY28.00 | |
| 100 | @a20060210d2006 em y0chiy0110 ea | |
| 101 | 0 | @achi |
| 102 | @aCN@b110000 | |
| 105 | @af z 000yy | |
| 200 | 1 | @a应用语言学前沿问题@9ying yong yu yan xue qian yan wen ti@f于根元著 |
| 210 | @a北京@c中国经济出版社@d2006 | |
| 215 | @a23,280页@c照片@d21cm | |
| 225 | 2 | @a语言与传播丛书@v26 |
| 330 | @a本书内容包括;学科的性质、范围和名称;学科建设的评价;学科建设的任务;交际理论;其他基本理论;语言全息发展论;关于“纯洁语言”等。 | |
| 461 | 0 | @12001 @a语言与传播丛书@v26 |
| 606 | 0 | @a应用语言学@x研究 |
| 606 | 0 | @a应用语言学 |
| 690 | @aH08@v4 | |
| 701 | 0 | @a于根元@9yu gen yuan@4著 |
| 801 | 0 | @aCN@bRENTIAN@c20070116 |
| 905 | @a10447@dH08@e109 | |
| 应用语言学前沿问题/于根元著.-北京:中国经济出版社,2006 |
| 23,280页:照片;21cm.-(语言与传播丛书;26) |
| ISBN 7-5017-0963-7:CNY28.00 |
| 本书内容包括;学科的性质、范围和名称;学科建设的评价;学科建设的任务;交际理论;其他基本理论;语言全息发展论;关于“纯洁语言”等。 |
| ● |
| 相关链接 |
|
|
|
|
正题名:应用语言学前沿问题
索取号:H08/109
 
预约/预借
| 序号 | 登录号 | 条形码 | 馆藏地/架位号 | 状态 | 备注 |
| 1 | 0388023 | 203880238 | 第二样本阅览室/ [索取号:H08/109] | 在馆 | |
| 2 | 0388024 | 203880247 | 第四借阅区/ [索取号:H08/109] | 在馆 | |
| 3 | 0388025 | 203880256 | 第四借阅区/ [索取号:H08/109] | 在馆 | |
| 4 | 0388026 | 203880265 | 第四借阅区/ [索取号:H08/109] | 在馆 | |
| 5 | 0388027 | 203880274 | 第四借阅区/ [索取号:H08/109] | 在馆 | |
| 6 | 0601172 | 206011723 | 第四借阅区/ [索取号:H08/109] | 在馆 | |
| 7 | 0601173 | 206011732 | 第四借阅区/ [索取号:H08/109] | 在馆 | |
| 8 | 0601174 | 206011741 | 第四借阅区/ [索取号:H08/109] | 在馆 | |
| 9 | 0601175 | 206011750 | 第四借阅区/ [索取号:H08/109] | 在馆 | |
| 10 | 0601176 | 206011769 | 第四借阅区/ [索取号:H08/109] | 在馆 | |
| 11 | 0601177 | 206011778 | 第四借阅区/ [索取号:H08/109] | 在馆 | |
| 12 | 0601178 | 206011787 | 第四借阅区/ [索取号:H08/109] | 在馆 | |
| 13 | 0601179 | 206011796 | 第四借阅区/ [索取号:H08/109] | 在馆 |